[Event "FRA-chT Top 16 GpA"]
[Site "Belfort"]
[Date "2025.05.22"]
[Round "1.5"]
[White "Llari, Marc"]
[Black "Mathieu, Phileas"]
[Result "0-1"]
[WhiteElo "2309"]
[BlackElo "2346"]
[PlyCount "118"]
[EventDate "2025.05.22"]
[EventType "team-tourn"]
[EventRounds "7"]
[EventCountry "FRA"]
[SourceTitle "CB22_2025"]
[SourceDate "2025.05.28"]
[SourceVersion "1"]
[SourceVersionDate "2025.05.28"]
[SourceQuality "1"]
[WhiteTeam "Cannes"]
[BlackTeam "Lyon"]
[WhiteTeamCountry "FRA"]
[BlackTeamCountry "FRA"]

1. e4 e5 2. Nf3 Nc6 3. Bb5 a6 4. Ba4 Nf6 5. 0-0 b5 6. Bb3 Bc5 7. Re1 d6 8. c3 0-0 9. d4 Bb6 10. Be3 Bg4 11. Qd3 Bxf3 12. gxf3 Nh5 13. Bd5 exd4 14. Bxc6 dxe3 15. fxe3 Qh4 16. Na3 Rad8 17. Nc2 d5 18. e5 Qg5+ 19. Kh1 Qxe5 20. Nb4 a5 21. Nxd5 Rd6 22. Qxb5 Ng3+ 23. Kg2 Nf5 24. f4 Qe4+ 25. Kf2 Kh8 26. Nxb6 Rxc6 27. Qd5 Nd6 28. Qxe4 Nxe4+ 29. Kf3 Nd2+ 30. Ke2 Rxb6 31. Kxd2 Rxb2+ 32. Kd3 Rxh2 33. Kc4 g6 34. Red1 Re8 35. Rd7 Kg7 36. Re1 Rxa2 37. Rxc7 Ra4+ 38. Kb5 Rxf4 39. c4 Rb8+ 40. Ka6 Rf6+ 41. Ka7 Re8 42. c5 h5 43. c6 g5 44. Rc1 h4 45. Rd7 Ree6 46. Kb7 h3 47. c7 Rb6+ 48. Kc8 Rbc6 49. Rg1 h2 50. Rh1 Rc2 51. Kb7 Rfc6 52. Rxh2 Rxc7+ 53. Rxc7 Rxh2 54. Rc5 Kg6 55. Rxa5 g4 56. Ra4 f5 57. Ra8 Re2 58. Rg8+ Kf7 59. Rg5 Kf6 0-1

[Event "FRA-ch U12"]
[Site "Vichy"]
[Date "2025.05.01"]
[Round "6"]
[White "Llari, Marc"]
[Black "El Zein, Bassam"]
[Result "1-0"]
[WhiteElo "2299"]
[BlackElo "2002"]
[PlyCount "137"]
[EventDate "2025.04.27"]
[EventType "swiss"]
[EventRounds "9"]
[EventCountry "FRA"]
[SourceTitle "CB19_2025"]
[SourceDate "2025.05.07"]
[SourceVersion "1"]
[SourceVersionDate "2025.05.07"]
[SourceQuality "1"]

1. Nf3 Nf6 2. c4 g6 3. Nc3 d5 4. cxd5 Nxd5 5. h4 Nc6 6. h5 Bg7 7. g3 e5 8. h6 Bf6 9. Ne4 Bf5 10. Nxf6+ Qxf6 11. Nh4 Nd4 12. Nxf5 Qxf5 13. d3 Nb4 14. Bh3 Nbc2+ 15. Kf1 Qf6 16. Rb1 Nb4 17. Bd2 Nbc6 18. Kg2 Qd6 19. a3 f5 20. b4 Qf6 21. e3 Ne6 22. Bc3 Ne7 23. Qa4+ c6 24. f4 0-0 25. Bxe5 Qf7 26. Kf2 Rfd8 27. Rhd1 g5 28. Bg2 Ng6 29. Ba1 gxf4 30. gxf4 Qe7 31. Qb3 Re8 32. Rh1 Rad8 33. Rbg1 Kf8 34. Qc4 b5 35. Bg7+ Nxg7 36. hxg7+ Kxg7 37. Qc3+ Kg8 38. Bd5+ cxd5 39. Rxg6+ hxg6 40. Rh8+ Kf7 41. Rh7+ Ke6 42. Qe5+ Kd7 43. Qxd5+ Kc8 44. Qa8+ Kd7 45. Qxa7+ Ke6 46. Rxe7+ Rxe7 47. Qb6+ Rd6 48. Qxb5 Red7 49. d4 Rd5 50. Qc6+ R5d6 51. Qc4+ Kf6 52. a4 Rh7 53. Qc5 Rdd7 54. Ke2 Rde7 55. b5 Rh3 56. d5 g5 57. fxg5+ Kf7 58. d6 Rh2+ 59. Kd3 Re8 60. Qxf5+ Kg8 61. Qg6+ Kf8 62. d7 Rxe3+ 63. Kxe3 Rh3+ 64. Kf4 Rh4+ 65. Kf5 Rd4 66. Qf6+ Kg8 67. Qxd4 Kh7 68. g6+ Kh6 69. Qh8# 1-0

[Event "FRA-ch U12"]
[Site "Vichy"]
[Date "2025.04.30"]
[Round "5"]
[White "Nicot, Valentin"]
[Black "Llari, Marc"]
[Result "0-1"]
[WhiteElo "1974"]
[BlackElo "2299"]
[PlyCount "158"]
[EventDate "2025.04.27"]
[EventType "swiss"]
[EventRounds "9"]
[EventCountry "FRA"]
[SourceTitle "CB19_2025"]
[SourceDate "2025.05.07"]
[SourceVersion "1"]
[SourceVersionDate "2025.05.07"]
[SourceQuality "1"]

1. e4 e5 2. Nf3 Nc6 3. Bb5 a6 4. Ba4 d6 5. c3 f5 6. exf5 Bxf5 7. 0-0 Bd3 8. Re1 Be7 9. Bc2 Bxc2 10. Qxc2 Nf6 11. d4 e4 12. Nfd2 d5 13. f3 exf3 14. Nxf3 0-0 15. Bg5 Qd7 16. Nbd2 Kh8 17. Qd3 Bd6 18. Ne5 Nxe5 19. dxe5 Bc5+ 20. Be3 Bxe3+ 21. Qxe3 Ng4 22. Qg3 Qe6 23. Nf3 Qb6+ 24. Nd4 Nf2 25. b4 Ne4 26. Qe3 Rfe8 27. e6 Rac8 28. Rab1 Rcd8 29. Rbd1 h6 30. a3 c5 31. Nb3 Rxe6 32. Nxc5 Nxc5 33. bxc5 Rxe3 34. cxb6 Rxc3 35. Re7 Rxa3 36. Rxb7 Rb3 37. h3 Rd6 38. Rd4 Rbxb6 39. Rxb6 Rxb6 40. Rxd5 Rb8 41. Kf2 Kg8 42. g4 Ra8 43. Ra5 Kf7 44. h4 g6 45. Ke3 Ke6 46. h5 g5 47. Ke4 Ra7 48. Re5+ Kd6 49. Ra5 Kc6 50. Kf5 Kb6 51. Ra1 Rc7 52. Rb1+ Ka7 53. Kg6 Rc6+ 54. Kg7 a5 55. Ra1 Ka6 56. Kh7 Rb6 57. Kg7 Rd6 58. Kh7 Kb5 59. Rb1+ Kc4 60. Ra1 Ra6 61. Kg7 Kb4 62. Rb1+ Kc3 63. Rf1 a4 64. Ra1 Kb4 65. Rb1+ Ka5 66. Ra1 Rd6 67. Kh7 Kb4 68. Rb1+ Kc3 69. Ra1 Kb3 70. Rb1+ Kc2 71. Ra1 Ra6 72. Ra3 Kb2 73. Rf3 a3 74. Kg7 a2 75. Rf2+ Kb3 76. Rf1 Kc4 77. Rd1 Kc3 78. Kh7 Kc2 79. Rh1 Kd2 0-1

[Event "Reykjavik op"]
[Site "Reykjavik"]
[Date "2025.04.11"]
[Round "4"]
[White "Landmark, Gabriel"]
[Black "Llari, Marc"]
[Result "0-1"]
[WhiteElo "1927"]
[BlackElo "2299"]
[PlyCount "50"]
[EventDate "2025.04.09"]
[EventType "swiss"]
[EventRounds "9"]
[EventCountry "ISL"]
[SourceTitle "CB17_2025"]
[SourceDate "2025.04.23"]
[SourceVersion "1"]
[SourceVersionDate "2025.04.23"]
[SourceQuality "1"]

1. e4 c5 2. Nf3 Nc6 3. d4 cxd4 4. Nxd4 e5 5. Nb5 d6 6. N1c3 a6 7. Na3 Be6 8. Nd5 Bxd5 9. exd5 Nce7 10. c4 Nf6 11. Be2 g6 12. 0-0 Bg7 13. b4 0-0 14. Bb2 a5 15. bxa5 Rxa5 16. Qb3 Qd7 17. Bc3 Raa8 18. Nb5 Ne4 19. Bb4 Rfc8 20. Rab1 f5 21. Nxd6 Nxd6 22. c5 Nf7 23. c6 bxc6 24. dxc6 Nxc6 25. Rfd1 Nd4 0-1

[Event "Wch U10"]
[Site "Montesilvano"]
[Date "2024.11.24"]
[Round "9"]
[White "Llari, Marc"]
[Black "Zhu, Linxi"]
[Result "1-0"]
[WhiteElo "2201"]
[BlackElo "2100"]
[PlyCount "77"]
[EventDate "2024.11.15"]
[EventType "swiss"]
[EventRounds "11"]
[EventCountry "ITA"]
[SourceTitle "CB48_2024"]
[SourceDate "2024.11.28"]
[SourceVersion "1"]
[SourceVersionDate "2024.11.28"]
[SourceQuality "1"]

1. e4 c5 2. Nf3 d6 3. d4 cxd4 4. Nxd4 Nf6 5. Nc3 a6 6. Bc4 e6 7. Be3 b5 8. Bb3 Bb7 9. Qe2 Qc8 10. 0-0-0 Be7 11. f3 Nc6 12. g4 Na5 13. Kb1 Nc4 14. Bc1 Nd7 15. h4 Qc5 16. g5 Bd8 17. f4 Ba5 18. Rh3 Ndb6 19. h5 Rc8 20. Rhd3 g6 21. f5 e5 22. Nf3 gxf5 23. exf5 Bxc3 24. Rxc3 Nd5 25. Rcd3 Nb4 26. g6 hxg6 27. fxg6 fxg6 28. hxg6 Rc7 29. Ng5 Bd5 30. g7 Rg8 31. Rxd5 Nxd5 32. Qh5+ Kd7 33. Qf7+ Ne7 34. Ne6 Qb6 35. Nxc7 Qxc7 36. Bg5 Qd8 37. Bxe7 Qe8 38. Qxe8+ Kxe8 39. Bf8 1-0

[Event "EU-ch U10"]
[Site "Prague"]
[Date "2024.08.28"]
[Round "6"]
[White "Lishoy Gengis Paratazham, Dildarav"]
[Black "Llari, Marc"]
[Result "0-1"]
[WhiteElo "1962"]
[BlackElo "2224"]
[PlyCount "128"]
[EventDate "2024.08.22"]
[EventType "swiss"]
[EventRounds "9"]
[EventCountry "CZE"]
[SourceTitle "CBM 221 Extra"]
[Source "ChessBase"]
[SourceDate "2024.09.30"]
[SourceVersion "1"]
[SourceVersionDate "2024.09.30"]
[SourceQuality "1"]

1. c4 c5 2. Nc3 Nc6 3. g3 g6 4. Bg2 Bg7 5. d3 e6 6. e4 Nge7 7. Nge2 d6 8. h4 h6 9. Qd2 a6 10. b3 b5 11. Bb2 bxc4 12. dxc4 e5 13. Nd5 0-0 14. 0-0 Nd4 15. Nxd4 cxd4 16. Ba3 Nxd5 17. cxd5 a5 18. b4 f5 19. b5 f4 20. Qe2 Ra7 21. Rac1 Raf7 22. Qd3 Bf6 23. Bb2 Bxh4 24. Kh2 f3 25. Rxc8 Qxc8 26. Bh3 Qd8 27. gxh4 Qxh4 28. Bc1 g5 29. Rg1 Qxf2+ 30. Kh1 Qh4 31. Qf1 f2 32. Rg4 Qxh3+ 33. Qxh3 f1Q+ 34. Qxf1 Rxf1+ 35. Rg1 Rxg1+ 36. Kxg1 a4 37. Ba3 Rd8 38. Kf2 Kf7 39. Bb4 Ke7 40. Ba5 Ra8 41. Bc7 Kd7 42. b6 Rc8 43. b7 Kxc7 44. bxc8Q+ Kxc8 45. a3 h5 46. Kg2 Kb7 47. Kf2 Kb6 48. Kg2 Kc5 49. Kf2 Kc4 50. Ke2 Kc3 51. Kd1 h4 52. Ke2 Kc2 53. Kf3 d3 54. Kg4 d2 55. Kxg5 h3 56. Kf6 d1Q 57. Ke6 h2 58. Kxd6 Qd4 59. Kc6 Qxe4 60. Kc5 h1Q 61. Kd6 Qxd5+ 62. Ke7 Qh4+ 63. Ke8 Qe6+ 64. Kf8 Qh8# 0-1

[Event "EU-ch U10"]
[Site "Prague"]
[Date "2024.08.24"]
[Round "3"]
[White "Llari, Marc"]
[Black "Rosca, Dragos Ioan"]
[Result "1-0"]
[WhiteElo "2224"]
[BlackElo "1660"]
[PlyCount "71"]
[EventDate "2024.08.22"]
[EventType "swiss"]
[EventRounds "9"]
[EventCountry "CZE"]
[SourceTitle "CBM 221 Extra"]
[Source "ChessBase"]
[SourceDate "2024.09.30"]
[SourceVersion "1"]
[SourceVersionDate "2024.09.30"]
[SourceQuality "1"]

1. e4 c6 2. d4 d5 3. Nc3 dxe4 4. Nxe4 Bf5 5. Ng3 Bg6 6. Nh3 Nd7 7. Nf4 Ngf6 8. c3 e6 9. h4 c5 10. h5 Be4 11. Nxe4 Nxe4 12. Bd3 Nef6 13. Qf3 Qb6 14. 0-0 Be7 15. dxc5 Bxc5 16. b4 Be7 17. Re1 0-0 18. h6 g6 19. Bb2 Rfd8 20. Rad1 Bf8 21. Qh3 e5 22. Ne2 Rac8 23. Ng3 Nc5 24. Bc2 Ne6 25. Qh4 Be7 26. Ne4 Nd5 27. Qg3 Ndf4 28. Rxd8+ Rxd8 29. Bc1 Qb5 30. Bxf4 Nxf4 31. Qf3 Qc6 32. b5 Qxb5 33. Rb1 Qc6 34. Rxb7 Bc5 35. Rxf7 Qb6 36. Bb3 1-0

[Event "Titled Tuesday intern op 13th Aug Early"]
[Site "Chess.com INT"]
[Date "2024.08.13"]
[Round "3"]
[White "Blokhin, Sofia"]
[Black "Llari, Marc"]
[Result "1-0"]
[WhiteElo "2052"]
[BlackElo "2224"]
[PlyCount "79"]
[EventDate "2024.08.13"]
[EventType "swiss (blitz)"]
[EventRounds "11"]
[EventCountry "USA"]
[SourceTitle "EXT 2025"]
[Source "ChessBase"]
[SourceDate "2024.10.14"]
[SourceVersion "1"]
[SourceVersionDate "2024.10.14"]
[SourceQuality "1"]

1. d4 e6 2. c4 f5 3. Nc3 Nf6 4. g3 Be7 5. Bg2 0-0 6. Nf3 d6 7. 0-0 a5 8. Re1 Nbd7 9. Nd2 e5 10. d5 Kh8 11. e4 fxe4 12. Ndxe4 b6 13. Qc2 Nxe4 14. Nxe4 Nf6 15. Ng5 Rb8 16. f4 h6 17. fxe5 hxg5 18. exf6 Bxf6 19. Qg6 Bd4+ 20. Kh1 Bf5 21. Qh5+ Kg8 22. Bxg5 Qc8 23. Qh4 Bxb2 24. Rad1 Bf6 25. Bxf6 Rxf6 26. Re7 Qd8 27. Rde1 Bg6 28. Bh3 Qf8 29. Be6+ Rxe6 30. R7xe6 Qf3+ 31. Kg1 Rf8 32. Qd4 Bf5 33. Re7 Rf7 34. Rxf7 Kxf7 35. Rf1 Qh5 36. g4 Qh4 37. Rxf5+ Kg6 38. Qe4 Kh6 39. Rh5+ Qxh5 40. gxh5 1-0

[Event "Titled Tuesday intern op 06th Aug Early"]
[Site "Chess.com INT"]
[Date "2024.08.06"]
[Round "5"]
[White "Garrido, Denis"]
[Black "Llari, Marc"]
[Result "0-1"]
[WhiteElo "2230"]
[BlackElo "2224"]
[PlyCount "100"]
[EventDate "2024.08.06"]
[EventType "swiss (blitz)"]
[EventRounds "11"]
[EventCountry "USA"]
[SourceTitle "EXT 2025"]
[Source "ChessBase"]
[SourceDate "2024.10.14"]
[SourceVersion "1"]
[SourceVersionDate "2024.10.14"]
[SourceQuality "1"]

1. c4 e5 2. Nc3 Nc6 3. Nf3 f5 4. d4 e4 5. d5 exf3 6. dxc6 fxg2 7. cxd7+ Qxd7 8. Bxg2 Qxd1+ 9. Kxd1 c6 10. Kc2 Be6 11. b3 Nf6 12. Bg5 Be7 13. Rad1 Kf7 14. e4 fxe4 15. Nxe4 Nxe4 16. Bxe7 Bf5 17. Kb2 Nxf2 18. Rdf1 Nxh1 19. Bh4 g6 20. Bxh1 Rhe8 21. Rf2 Re3 22. Bg5 Re1 23. Bf3 Rae8 24. h4 a5 25. Ka3 Rg1 26. Ka4 Ra8 27. Re2 Re8 28. Rf2 Ra1 29. Kxa5 Rxa2+ 30. Rxa2 Ra8+ 31. Kb6 Rxa2 32. Kxb7 Rb2 33. Kxc6 Rxb3 34. Bd5+ Ke8 35. c5 Rc3 36. Kd6 Rd3 37. Ke5 Kd7 38. c6+ Kc8 39. Bf4 Rc3 40. Kd6 Rc2 41. Be5 Rd2 42. Kc5 h6 43. Bg7 Rc2+ 44. Kd6 g5 45. hxg5 hxg5 46. Ke5 Bh3 47. Bf6 g4 48. Bh4 Kc7 49. Bg3 Kb6 50. Kd6 Bg2 0-1

[Event "Titled Tuesday intern op 06th Aug Early"]
[Site "Chess.com INT"]
[Date "2024.08.06"]
[Round "9"]
[White "Llari, Marc"]
[Black "Prabhu, Naveen"]
[Result "0-1"]
[WhiteElo "2224"]
[BlackElo "2116"]
[PlyCount "74"]
[EventDate "2024.08.06"]
[EventType "swiss (blitz)"]
[EventRounds "11"]
[EventCountry "USA"]
[SourceTitle "EXT 2025"]
[Source "ChessBase"]
[SourceDate "2024.10.14"]
[SourceVersion "1"]
[SourceVersionDate "2024.10.14"]
[SourceQuality "1"]

1. d4 d5 2. Bf4 Nf6 3. e3 e6 4. c3 Bd6 5. Bg3 0-0 6. Nf3 c5 7. Ne5 Qc7 8. Nd2 Nbd7 9. Ndf3 Ne4 10. Nxd7 Bxd7 11. Bxd6 Qxd6 12. Bd3 cxd4 13. exd4 f6 14. 0-0 Bc6 15. Re1 Rad8 16. Qe2 Kh8 17. Rad1 g5 18. a3 Rg8 19. g3 Rg7 20. Nd2 f5 21. Nf3 f4 22. Ne5 fxg3 23. hxg3 Ba4 24. Rc1 Nf6 25. Kg2 Rf8 26. Rh1 Kg8 27. Rh6 Be8 28. Rch1 a6 29. Qe3 b5 30. Qd2 a5 31. Nf3 Ne4 32. Bxe4 dxe4 33. Nxg5 e3 34. Qxe3 Bc6+ 35. f3 Bxf3+ 36. Kg1 Qxg3+ 37. Kf1 Bg4+ 0-1

[Event "Titled Tuesday intern op 16th Jul Early"]
[Site "Chess.com INT"]
[Date "2024.07.16"]
[Round "3"]
[White "Llari, Marc"]
[Black "Arabidze, Meri"]
[Result "1-0"]
[WhiteElo "2226"]
[BlackElo "2457"]
[PlyCount "67"]
[EventDate "2024.07.16"]
[EventType "swiss (blitz)"]
[EventRounds "11"]
[EventCountry "USA"]
[SourceTitle "EXT 2025"]
[Source "ChessBase"]
[SourceDate "2024.10.14"]
[SourceVersion "1"]
[SourceVersionDate "2024.10.14"]
[SourceQuality "1"]

1. d4 Nf6 2. Nf3 e6 3. Bf4 d5 4. Nbd2 Bd6 5. Bg3 c5 6. e3 Nc6 7. c3 0-0 8. Bd3 b6 9. Ne5 Bb7 10. 0-0 Qc7 11. f4 Ne7 12. Bh4 Ne4 13. Bxe7 Qxe7 14. Qc2 f6 15. Nef3 f5 16. a3 a6 17. Ne5 Rfc8 18. Ndf3 b5 19. Kh1 b4 20. dxc5 Bxc5 21. axb4 Bxe3 22. g3 d4 23. c4 Nd2 24. c5 Nxf1 25. Rxf1 a5 26. c6 axb4 27. cxb7 Qxb7 28. Qb3 Qb6 29. Bxf5 Re8 30. Ng5 g6 31. Bxe6+ Kg7 32. Bd5 Ra5 33. Ne6+ Kf6 34. Nd7+ 1-0

[Event "Titled Tuesday intern op 16th Jul Early"]
[Site "Chess.com INT"]
[Date "2024.07.16"]
[Round "6"]
[White "Llari, Marc"]
[Black "Causo, Deniel"]
[Result "1-0"]
[WhiteElo "2226"]
[BlackElo "2224"]
[PlyCount "93"]
[EventDate "2024.07.16"]
[EventType "swiss (blitz)"]
[EventRounds "11"]
[EventCountry "USA"]
[SourceTitle "EXT 2025"]
[Source "ChessBase"]
[SourceDate "2024.10.14"]
[SourceVersion "1"]
[SourceVersionDate "2024.10.14"]
[SourceQuality "1"]

1. d4 d5 2. Bf4 c6 3. e3 Qb6 4. Qc1 Bf5 5. Nf3 Nf6 6. c4 e6 7. Nc3 Nbd7 8. h3 Be7 9. Be2 0-0 10. 0-0 Ne4 11. a3 Rfe8 12. b4 Bf6 13. c5 Qd8 14. Ne5 Nxe5 15. dxe5 Bg5 16. Bxg5 Qxg5 17. f4 Qg6 18. Nxe4 Bxe4 19. g4 f6 20. Qc3 h5 21. Kf2 h4 22. Rg1 Rf8 23. Ke1 fxe5 24. Qxe5 Qf6 25. Qxf6 gxf6 26. g5 f5 27. Kd2 Kg7 28. Kc3 Rfe8 29. Kd4 e5+ 30. fxe5 Re6 31. Raf1 Rae8 32. Rf4 Rxe5 33. Rxh4 Bc2 34. Rg3 Bb1 35. Bd3 Bxd3 36. Kxd3 Re4 37. Rh6 f4 38. exf4 Rxf4 39. h4 Ree4 40. h5 Rc4 41. Rd6 Rfd4+ 42. Ke3 Re4+ 43. Kf3 Re7 44. h6+ Kh7 45. g6+ Kxh6 46. g7+ Kh5 47. Rh3+ 1-0

[Event "Titled Tuesday intern op 16th Jul Early"]
[Site "Chess.com INT"]
[Date "2024.07.16"]
[Round "2"]
[White "Llari, Marc"]
[Black "Ferrufino, Boris"]
[Result "1-0"]
[WhiteElo "2226"]
[BlackElo "1922"]
[PlyCount "75"]
[EventDate "2024.07.16"]
[EventType "swiss (blitz)"]
[EventRounds "11"]
[EventCountry "USA"]
[SourceTitle "EXT 2025"]
[Source "ChessBase"]
[SourceDate "2024.10.14"]
[SourceVersion "1"]
[SourceVersionDate "2024.10.14"]
[SourceQuality "1"]

1. d4 Nf6 2. Nf3 e6 3. Bf4 c5 4. e3 d5 5. Nbd2 Nc6 6. c3 Bd6 7. Bg3 b6 8. Bb5 Bb7 9. Ne5 Bxe5 10. Bxe5 0-0 11. Bg3 a6 12. Bd3 Qe7 13. 0-0 e5 14. dxe5 Nxe5 15. Be2 Rad8 16. h3 Ne4 17. Nxe4 dxe4 18. Qb3 Nd3 19. Qxb6 Rfe8 20. Rad1 Bd5 21. b3 c4 22. Qxa6 Ra8 23. Qb5 Qe6 24. b4 Rxa2 25. Bxd3 exd3 26. Kh2 h6 27. Qc5 Qe4 28. f3 Qe6 29. e4 Ba8 30. Rf2 Rxf2 31. Bxf2 Rc8 32. Qe3 Qe5+ 33. f4 Qxc3 34. f5 Qxb4 35. f6 Rd8 36. Qg3 Qd6 37. e5 Qe6 38. Qxg7# 1-0

[Event "Titled Tuesday intern op 02nd Jul Early"]
[Site "Chess.com INT"]
[Date "2024.07.02"]
[Round "6"]
[White "Balint, Peter1"]
[Black "Llari, Marc"]
[Result "1-0"]
[WhiteElo "2317"]
[BlackElo "2226"]
[PlyCount "171"]
[EventDate "2024.07.02"]
[EventType "swiss (blitz)"]
[EventRounds "11"]
[EventCountry "USA"]
[SourceTitle "EXT 2025"]
[Source "ChessBase"]
[SourceDate "2024.10.14"]
[SourceVersion "1"]
[SourceVersionDate "2024.10.14"]
[SourceQuality "1"]

1. e4 c6 2. Nf3 d5 3. Nc3 Bg4 4. h3 Bxf3 5. Qxf3 e6 6. Be2 Nd7 7. 0-0 Bd6 8. d4 dxe4 9. Nxe4 Be7 10. c3 Ngf6 11. Nxf6+ Nxf6 12. Bd3 0-0 13. Bd2 h6 14. Rfe1 Qd7 15. g3 Rfd8 16. Kg2 Rac8 17. h4 c5 18. Be3 Nd5 19. Rad1 Nxe3+ 20. fxe3 Bf6 21. h5 b6 22. Qe4 Qc6 23. Kh3 Qxe4 24. Bxe4 Kf8 25. Kg4 Ke7 26. a4 Bg5 27. Kf3 Rc7 28. a5 cxd4 29. exd4 bxa5 30. Ra1 Rb8 31. Re2 Rb5 32. Bd3 Rd5 33. Ra2 Bf6 34. g4 Kd6 35. Re1 e5 36. Be4 Rb5 37. dxe5+ Rxe5 38. Rd1+ Ke7 39. Bf5 Bg5 40. Rd3 Rc6 41. Rd7+ Kf6 42. Rxa7 Re3+ 43. Kf2 Rd6 44. b4 Rxc3 45. R7xa5 Bh4+ 46. Ke2 g6 47. Ra6 Rcc6 48. b5 Rb6 49. Rxb6 Rxb6 50. Ra6 gxf5 51. Rxb6+ Kg5 52. gxf5 Kxh5 53. Kf3 Kg5 54. Ke4 Bg3 55. Rb7 Kf6 56. b6 h5 57. Rd7 h4 58. b7 h3 59. Kf3 h2 60. Kg2 Be5 61. Rd8 Kxf5 62. b8Q Bxb8 63. Rxb8 Kg4 64. Kxh2 f5 65. Rb3 f4 66. Kg2 Kh4 67. Rf3 Kg4 68. Kf2 Kg5 69. Rd3 Kg4 70. Rd4 Kf5 71. Kf3 Ke5 72. Rxf4 Ke6 73. Re4+ Kd6 74. Kf4 Kd7 75. Re5 Kd6 76. Kf5 Kc6 77. Ke6 Kc7 78. Rd5 Kc6 79. Ke5 Kb6 80. Rd6+ Kc7 81. Kd5 Kb7 82. Rc6 Kb8 83. Kc5 Ka8 84. Rc7 Kb8 85. Kb6 Ka8 86. Rc8# 1-0

[Event "Titled Tuesday intern op 02nd Jul Early"]
[Site "Chess.com INT"]
[Date "2024.07.02"]
[Round "5"]
[White "Llari, Marc"]
[Black "Korchynskyi, Mykola"]
[Result "1-0"]
[WhiteElo "2226"]
[BlackElo "2321"]
[PlyCount "209"]
[EventDate "2024.07.02"]
[EventType "swiss (blitz)"]
[EventRounds "11"]
[EventCountry "USA"]
[SourceTitle "EXT 2025"]
[Source "ChessBase"]
[SourceDate "2024.10.14"]
[SourceVersion "1"]
[SourceVersionDate "2024.10.14"]
[SourceQuality "1"]

1. d4 d5 2. Nf3 Nf6 3. Bf4 e6 4. e3 Be7 5. Nbd2 0-0 6. Ne5 b6 7. Bd3 Bb7 8. c3 Nbd7 9. Bg3 Ne4 10. f4 f5 11. Nxd7 Qxd7 12. Nf3 Bd6 13. Qe2 c5 14. Ne5 Bxe5 15. fxe5 c4 16. Bxe4 fxe4 17. Rf1 Rxf1+ 18. Kxf1 b5 19. Kg1 a5 20. a3 Bc6 21. Rf1 Rb8 22. h4 b4 23. axb4 axb4 24. h5 bxc3 25. bxc3 h6 26. Bh4 Rf8 27. Rxf8+ Kxf8 28. Qg4 Qf7 29. Qh3 Be8 30. g4 Qa7 31. Qf1+ Kg8 32. g5 hxg5 33. Bxg5 Bxh5 34. Qb1 Bf3 35. Kh2 Qf7 36. Qe1 Bg4 37. Bf4 Qh5+ 38. Kg1 Bf3 39. Bh2 Qg5+ 40. Bg3 Qd8 41. Qb1 Qa8 42. Qb2 Qa4 43. Be1 Qe8 44. Bg3 Qh5 45. Qh2 Qg5 46. Kf2 Bh5 47. Qh4 Qf5+ 48. Bf4 Bf3 49. Kg3 Qg6+ 50. Qg5 Qe8 51. Kh3 Kf7 52. Bg3 Qh8+ 53. Bh4 Qh7 54. Qe7+ Kg6 55. Qxe6+ Kh5 56. Qf7+ Qg6 57. Qxg6+ Kxg6 58. Kg3 Kf5 59. Be7 g6 60. Kh4 Bh5 61. Bg5 Bf3 62. Bh6 Bh5 63. Kg3 Bf3 64. Kf2 Bh5 65. Bf4 g5 66. Bg3 Bf3 67. Ke1 Bh5 68. Kd2 Kg4 69. Be1 Kf3 70. e6 g4 71. e7 g3 72. Bxg3 Kxg3 73. Kc2 Kf3 74. Kb2 Kxe3 75. Ka3 Kd3 76. Kb4 e3 77. Kc5 e2 78. Kxd5 e1Q 79. Kd6 Bf7 80. d5 Qe5+ 81. Kxe5 Kxc3 82. d6 Kd3 83. d7 c3 84. e8Q Bxe8 85. dxe8Q c2 86. Qc6 Kd2 87. Qg2+ Kc1 88. Kd4 Kb1 89. Qe4 Kb2 90. Qb7+ Ka1 91. Qa6+ Kb2 92. Qb5+ Ka1 93. Qa4+ Kb2 94. Qb4+ Ka1 95. Qc3+ Kb1 96. Qd3 Kb2 97. Qd2 Kb1 98. Qd3 Kb2 99. Qe2 Kb1 100. Kc3 c1Q+ 101. Kb3 Qc7 102. Qd1+ Qc1 103. Qd3+ Ka1 104. Qa6+ Kb1 105. Qa2# 1-0

[Event "Titled Tuesday intern op 02nd Jul Early"]
[Site "Chess.com INT"]
[Date "2024.07.02"]
[Round "7"]
[White "Llari, Marc"]
[Black "Souleidis, Georgios"]
[Result "0-1"]
[WhiteElo "2226"]
[BlackElo "2418"]
[PlyCount "158"]
[EventDate "2024.07.02"]
[EventType "swiss (blitz)"]
[EventRounds "11"]
[EventCountry "USA"]
[SourceTitle "EXT 2025"]
[Source "ChessBase"]
[SourceDate "2024.10.14"]
[SourceVersion "1"]
[SourceVersionDate "2024.10.14"]
[SourceQuality "1"]

1. Nf3 Nf6 2. d4 g6 3. Bf4 Bg7 4. e3 0-0 5. c3 d6 6. Nbd2 Nfd7 7. Bd3 e5 8. Bg3 Nc6 9. 0-0 f5 10. Ne1 f4 11. Qb3+ Kh8 12. Nef3 fxg3 13. hxg3 Qe7 14. Ne4 Nf6 15. Nxf6 Bxf6 16. Nd2 Rb8 17. Ne4 Bf5 18. Nxf6 Qxf6 19. Bxf5 Qxf5 20. Rad1 exd4 21. cxd4 Ne7 22. Rc1 c6 23. Qc2 Qxc2 24. Rxc2 d5 25. g4 Nc8 26. f3 Nd6 27. b3 Rfe8 28. Re1 Kg7 29. Kf2 a5 30. Rce2 Rf8 31. Kg3 Rbd8 32. a4 Rfe8 33. Rc1 Re7 34. Rc5 Ra8 35. Kf2 Kf6 36. Kg3 g5 37. Kf2 h6 38. Kg3 Ra6 39. Kf2 Rb6 40. Rb2 Nc4 41. Rb1 Nxe3 42. Rxa5 Nc2 43. Ra8 Nxd4 44. Rf8+ Kg7 45. Rb8 Nxb3 46. g3 c5 47. f4 gxf4 48. gxf4 c4 49. Kf3 Ra6 50. Rh1 Rae6 51. f5 Re3+ 52. Kg2 Re2+ 53. Kg3 R2e3+ 54. Kh4 Nd4 55. Kh5 Nf3 56. Rb1 c3 57. R1xb7 c2 58. Rxe7+ Rxe7 59. Rc8 Re2 60. g5 Nxg5 61. a5 Ne4 62. a6 Nd6 63. Rc7+ Kf6 64. a7 c1Q 65. Rxc1 Ra2 66. Rc6 Ke5 67. f6 Rxa7 68. Kg6 d4 69. Rc5+ Ke4 70. Kxh6 d3 71. Kg6 d2 72. Rc7 Rxc7 73. f7 Rxf7 74. Kg5 Rf3 75. Kg6 Nc4 76. Kg5 Nb2 77. Kg4 d1Q 78. Kg5 Qg1+ 79. Kh6 Rh3# 0-1

[Event "Titled Tuesday intern op 02nd Jul Early"]
[Site "Chess.com INT"]
[Date "2024.07.02"]
[Round "1"]
[White "Terry, Renato"]
[Black "Llari, Marc"]
[Result "1-0"]
[WhiteElo "2526"]
[BlackElo "2226"]
[PlyCount "83"]
[EventDate "2024.07.02"]
[EventType "swiss (blitz)"]
[EventRounds "11"]
[EventCountry "USA"]
[SourceTitle "EXT 2025"]
[Source "ChessBase"]
[SourceDate "2024.10.14"]
[SourceVersion "1"]
[SourceVersionDate "2024.10.14"]
[SourceQuality "1"]

1. e4 c6 2. Nf3 d5 3. d3 Bg4 4. h3 Bh5 5. e5 e6 6. c3 c5 7. g4 Bg6 8. Qb3 Qb6 9. Nh4 Nc6 10. f4 Nge7 11. Nd2 h5 12. Ndf3 hxg4 13. hxg4 Qxb3 14. axb3 0-0-0 15. Rh3 Kb8 16. Bd2 f6 17. Kf2 Bf7 18. Bg2 Ng6 19. Nxg6 Rxh3 20. Bxh3 Bxg6 21. f5 Bf7 22. exf6 gxf6 23. g5 exf5 24. gxf6 Bd6 25. Rg1 Ne5 26. Bxf5 Nxf3 27. Kxf3 Bh5+ 28. Bg4 Bxg4+ 29. Rxg4 Rf8 30. Rg6 Kc7 31. Kg4 Rh8 32. Bh6 Kd7 33. Kf5 b5 34. f7 a5 35. Rxd6+ Kxd6 36. f8Q+ Rxf8+ 37. Bxf8+ Kc6 38. Ke5 a4 39. b4 d4 40. cxd4 cxb4 41. d5+ Kd7 42. Bxb4 1-0

[Event "Titled Tuesday intern op 02nd Jul Early"]
[Site "Chess.com INT"]
[Date "2024.07.02"]
[Round "3"]
[White "Yonal, Timur"]
[Black "Llari, Marc"]
[Result "0-1"]
[WhiteElo "2078"]
[BlackElo "2226"]
[PlyCount "86"]
[EventDate "2024.07.02"]
[EventType "swiss (blitz)"]
[EventRounds "11"]
[EventCountry "USA"]
[SourceTitle "EXT 2025"]
[Source "ChessBase"]
[SourceDate "2024.10.14"]
[SourceVersion "1"]
[SourceVersionDate "2024.10.14"]
[SourceQuality "1"]

1. e4 c6 2. Nf3 d5 3. d3 Bg4 4. h3 Bh5 5. e5 e6 6. d4 c5 7. c3 Nc6 8. g4 Bg6 9. Bd3 Rc8 10. a3 Bxd3 11. Qxd3 cxd4 12. Nxd4 Nxe5 13. Qe2 Nc6 14. 0-0 h5 15. g5 Nxd4 16. cxd4 Ne7 17. Nc3 Nf5 18. Qd3 Be7 19. g6 fxg6 20. Bf4 Bf6 21. Rfe1 Kf7 22. Be5 Qb6 23. Na4 Qa6 24. Qxa6 bxa6 25. Rad1 Rc6 26. b4 g5 27. Nc5 a5 28. b5 Rb6 29. Bxf6 gxf6 30. a4 Re8 31. Nd7 Rd6 32. Nc5 Nh4 33. Re3 Ng6 34. Nb7 Rb6 35. Nxa5 Nf4 36. Nb3 a6 37. Nc5 axb5 38. a5 Rc6 39. a6 Ra8 40. Rb1 Kg6 41. Rxb5 h4 42. Rb7 Raxa6 43. Nxa6 Rxa6 0-1